Introduction to computer architecture / (Record no. 541612)
[ view plain ]
| 000 -LEADER | |
|---|---|
| fixed length control field | 00587cam a2200181 i 4500 |
| 020 ## - INTERNATIONAL STANDARD BOOK NUMBER | |
| International Standard Book Number | 0574184058 |
| 082 ## - DEWEY DECIMAL CLASSIFICATION NUMBER | |
| Classification number | 004.22 |
| Author Mark | STO |
| -- | Donation |
| 100 ## - MAIN ENTRY--PERSONAL NAME | |
| Personal name | Stone,H |
| 9 (RLIN) | 36590 |
| 245 00 - TITLE STATEMENT | |
| Title | Introduction to computer architecture / |
| Statement of responsibility, etc. | Harold S. Stone ... [et al.]. |
| 260 ## - PUBLICATION, DISTRIBUTION, ETC. | |
| Place of publication, distribution, etc. | Chicago : |
| Name of publisher, distributor, etc. | Science Research Associates, |
| Date of publication, distribution, etc. | [1975] |
| 300 ## - PHYSICAL DESCRIPTION | |
| Extent | x, 565 p. : |
| Other physical details | ill. ; |
| Dimensions | 24 cm. |
| 490 1# - SERIES STATEMENT | |
| Series statement | The SRA computer science series |
| 500 ## - GENERAL NOTE | |
| General note | Includes index. |
| 526 ## - STUDY PROGRAM INFORMATION NOTE | |
| Program name | 0 |
| Interest level | 0 |
| Reading level | 0 |
| Title point value | 004_220000000000000_STO |
| 650 #0 - SUBJECT ADDED ENTRY--TOPICAL TERM | |
| Topical term or geographic name entry element | Computer architecture. |
| 9 (RLIN) | 3070 |
| 700 1# - ADDED ENTRY--PERSONAL NAME | |
| Personal name | Stone, Harold S., |
| 9 (RLIN) | 36591 |
| 942 ## - ADDED ENTRY ELEMENTS (KOHA) | |
| Source of classification or shelving scheme | |
| Koha item type | Book |
| Withdrawn status | Lost status | Source of classification or shelving scheme | Damaged status | Not for loan | Permanent Location | Current Location | Date acquired | Total Checkouts | Full call number | Barcode | Date last seen | Price effective from | Koha item type |
|---|---|---|---|---|---|---|---|---|---|---|---|---|---|
| Military College of Engineering (MCE) | Military College of Engineering (MCE) | 08/16/2013 | 004.22 STO | MCE-29300 | 08/16/2013 | 08/16/2013 | Book |
